000 00546nam a2200241 a 4500
001 nice12345678
003 IN_TiNIC
005 20260116011517.0
008 070830s1913 leia grp 000 0 eng
020 _a
_c100
082 0 0 _a297.03
_bENC4
100 _a,
245 _aEncyclopadia of Islam
260 _aLeiden
_bBrill
_c1913
300 _a00
500 _aincludes index and biblioraphy
650 _aIslam-Encyclopaedia
650 _aEncyclopeadia-Islam
700 1 _a,
902 _bSRS
942 _cBK
999 _c2185
_d2185